MARC

LEADER 00000nam0a2200000 4500
001 276122
005 20231101234905.0
020 |a RU  |b 85-97274 
035 |a (RuTPU)RU\TPU\book\299380 
090 |a 276122 
100 |a 20141119d1985 k y0rusy5003 ca 
101 0 |a rus 
102 |a RU 
105 |a y z 000zy 
200 1 |a Проблемы диалектико-материалистической методологии в науках о Земле  |f И. В. Назаров 
210 |a Красноярск  |c Изд-во Красноярского ун-та  |d 1985 
215 |a 135 с. 
606 1 |a Геология  |x Философские проблемы  |2 stltpush  |3 (RuTPU)RU\TPU\subj\6111  |9 34070 
610 1 |a геология 
610 1 |a методология 
610 1 |a диалектический материализм 
610 1 |a исследования 
610 1 |a концепции 
675 |a 55:1  |z rus  |v 3 
700 1 |a Назаров  |b И. В.  |g Игорь Васильевич  |4 070 
801 0 |a RU  |b RuMRKP  |c 19950704  |g psbo 
801 1 |a RU  |b 63413507  |c 20141119 
801 2 |a RU  |b 63413507  |c 20170206  |g RCR 
942 |c BK